[Event "Russian Championship (Rapid, Women)"]
[Site "Sochi"]
[Date "2018.10.06"]
[Round "10.10"]
[White "Potapova, Margarita"]
[Black "Gritsayeva, Oksana"]
[Result "1/2-1/2"]
[BlackElo "2388"]
[WhiteElo "2151"]
[LiveChessVersion "1.4.8"]

1. d4 {[%clk 0:15:19]} Nf6 {[%clk 0:15:16]} 2. c4 {[%clk 0:15:28]} Nc6
{[%clk 0:15:25]} 3. Nf3 {[%clk 0:15:20]} e6 {[%clk 0:15:34]} 4. Nc3
{[%clk 0:14:15]} d6 {[%clk 0:14:45]} 5. e4 {[%clk 0:14:12]} g6 {[%clk 0:14:50]}
6. Be2 {[%clk 0:13:31]} Bg7 {[%clk 0:14:58]} 7. O-O {[%clk 0:13:30]} O-O
{[%clk 0:15:02]} 8. h3 {[%clk 0:12:55]} a6 {[%clk 0:15:03]} 9. Be3
{[%clk 0:12:55]} e5 {[%clk 0:14:34]} 10. Re1 {[%clk 0:12:18]} exd4
{[%clk 0:14:26]} 11. Nxd4 {[%clk 0:12:26]} Re8 {[%clk 0:14:29]} 12. Nxc6
{[%clk 0:11:44]} bxc6 {[%clk 0:14:37]} 13. Qc2 {[%clk 0:11:52]} Rb8
{[%clk 0:13:47]} 14. Bf3 {[%clk 0:09:59]} c5 {[%clk 0:13:23]} 15. Rad1
{[%clk 0:10:00]} Qe7 {[%clk 0:13:14]} 16. b3 {[%clk 0:08:49]} Bd7
{[%clk 0:12:40]} 17. Bg5 {[%clk 0:08:11]} h6 {[%clk 0:08:07]} 18. Nd5
{[%clk 0:07:24]} Qd8 {[%clk 0:08:07]} 19. Bh4 {[%clk 0:05:06]} g5 20. Bg3 Nxd5
{[%clk 0:07:46]} 21. exd5 {[%clk 0:05:24]} Qf6 {[%clk 0:07:45]} 22. Bg4
{[%clk 0:04:57]} Bxg4 23. hxg4 {[%clk 0:05:06]} Qc3 {[%clk 0:06:57]} 24. Rxe8+
{[%clk 0:04:59]} Rxe8 {[%clk 0:07:05]} 25. Qxc3 {[%clk 0:05:05]} Bxc3
{[%clk 0:07:13]} 26. Kf1 {[%clk 0:04:54]} Kg7 {[%clk 0:06:06]} 27. f3
{[%clk 0:05:03]} Kf6 {[%clk 0:04:50]} 28. Rc1 {[%clk 0:05:00]} Bd4
{[%clk 0:04:40]} 29. Be1 {[%clk 0:04:57]} Ke7 {[%clk 0:03:38]} 1/2-1/2

[Event "Russian Championship (Rapid, Women)"]
[Site "Sochi"]
[Date "2018.10.06"]
[Round "10.11"]
[White "Vasilevich, Tatjana"]
[Black "Chernyak, Viktoria"]
[Result "0-1"]
[BlackElo "2197"]
[WhiteElo "2369"]
[LiveChessVersion "1.4.8"]

1. d4 {[%clk 0:15:19]} d5 {[%clk 0:15:19]} 2. c4 {[%clk 0:15:28]} e6
{[%clk 0:15:24]} 3. Nc3 {[%clk 0:15:36]} c6 {[%clk 0:15:32]} 4. Nf3
{[%clk 0:15:33]} Nf6 {[%clk 0:15:40]} 5. e3 {[%clk 0:15:30]} Bd6 {[%clk 0:15:35]}
6. Bd3 {[%clk 0:15:38]} Nbd7 {[%clk 0:15:27]} 7. O-O {[%clk 0:15:45]} O-O
{[%clk 0:15:15]} 8. e4 {[%clk 0:15:52]} dxc4 {[%clk 0:13:18]} 9. Bxc4
{[%clk 0:15:58]} e5 {[%clk 0:13:27]} 10. Bg5 {[%clk 0:14:43]} b5 {[%clk 0:11:34]}
11. Bd3 {[%clk 0:14:32]} Bb7 {[%clk 0:10:53]} 12. Qe2 {[%clk 0:12:20]} Re8
{[%clk 0:10:04]} 13. Rad1 {[%clk 0:11:48]} exd4 {[%clk 0:09:11]} 14. Nxd4
{[%clk 0:11:38]} b4 {[%clk 0:08:50]} 15. Nb1 {[%clk 0:11:09]} Qc7
{[%clk 0:08:42]} 16. h3 {[%clk 0:08:34]} Bh2+ {[%clk 0:07:40]} 17. Kh1
{[%clk 0:08:43]} Bf4 {[%clk 0:07:49]} 18. Bxf4 {[%clk 0:02:45]} Qxf4
{[%clk 0:07:57]} 19. Qf3 {[%clk 0:02:54]} Qe5 {[%clk 0:07:28]} 20. Nf5
{[%clk 0:02:24]} Nc5 {[%clk 0:06:36]} 21. Bc4 {[%clk 0:01:24]} Ncxe4
{[%clk 0:05:15]} 22. Ne3 {[%clk 0:00:22]} Qxb2 {[%clk 0:03:05]} 23. Nf5
{[%clk 0:00:19]} Rad8 {[%clk 0:02:38]} 24. Rxd8 {[%clk 0:00:16]} Rxd8
{[%clk 0:02:47]} 25. Qb3 {[%clk 0:00:12]} Nxf2+ {[%clk 0:02:20]} 26. Rxf2
{[%clk 0:00:12]} Qxf2 {[%clk 0:02:28]} 27. Bxf7+ {[%clk 0:00:18]} Kh8
{[%clk 0:02:22]} 28. Ne3 {[%clk 0:00:19]} c5 {[%clk 0:02:07]} 29. Bc4
{[%clk 0:00:16]} Be4 {[%clk 0:01:23]} 0-1

[Event "Russian Championship (Rapid, Women)"]
[Site "Sochi"]
[Date "2018.10.06"]
[Round "10.12"]
[White "Baraeva, Irina"]
[Black "Charochkina, Daria"]
[Result "1-0"]
[BlackElo "2360"]
[WhiteElo "2174"]
[LiveChessVersion "1.4.8"]

1. d4 {[%clk 0:15:19]} f5 {[%clk 0:15:18]} 2. Nf3 {[%clk 0:15:25]} Nf6
{[%clk 0:15:27]} 3. g3 {[%clk 0:15:33]} e6 {[%clk 0:15:35]} 4. Bg2
{[%clk 0:15:40]} d5 {[%clk 0:15:44]} 5. c4 {[%clk 0:15:39]} c6 {[%clk 0:15:53]}
6. O-O {[%clk 0:15:40]} Bd6 {[%clk 0:16:02]} 7. b3 {[%clk 0:15:45]} O-O
{[%clk 0:16:08]} 8. Ba3 {[%clk 0:15:49]} b6 {[%clk 0:16:17]} 9. Bxd6
{[%clk 0:15:39]} Qxd6 {[%clk 0:16:25]} 10. Nc3 {[%clk 0:15:37]} Bb7
{[%clk 0:16:34]} 11. Rc1 {[%clk 0:14:23]} Nbd7 {[%clk 0:16:43]} 12. cxd5
{[%clk 0:13:51]} exd5 {[%clk 0:16:48]} 13. Qd3 {[%clk 0:12:22]} Ne4
{[%clk 0:16:54]} 14. Nd2 {[%clk 0:12:26]} Rae8 {[%clk 0:17:01]} 15. e3
{[%clk 0:10:23]} Kh8 {[%clk 0:16:41]} 16. Rfe1 {[%clk 0:09:05]} Ndf6
{[%clk 0:16:04]} 17. f3 {[%clk 0:08:41]} Nxd2 {[%clk 0:14:37]} 18. Qxd2
{[%clk 0:08:50]} g5 {[%clk 0:14:46]} 19. e4 {[%clk 0:06:15]} fxe4
{[%clk 0:11:39]} 20. fxe4 {[%clk 0:06:24]} dxe4 {[%clk 0:09:48]} 21. Nxe4
{[%clk 0:06:32]} Nxe4 {[%clk 0:09:56]} 22. Rxe4 {[%clk 0:06:29]} Rxe4
{[%clk 0:10:00]} 23. Bxe4 {[%clk 0:06:37]} Qf6 {[%clk 0:10:04]} 24. Bg2
{[%clk 0:06:20]} Rd8 {[%clk 0:10:12]} 25. Rd1 {[%clk 0:05:46]} Bc8
{[%clk 0:10:08]} 26. Rf1 {[%clk 0:04:56]} Qe7 {[%clk 0:08:43]} 27. Bxc6
{[%clk 0:04:06]} Bh3 {[%clk 0:08:42]} 28. Re1 {[%clk 0:03:18]} Qf6
{[%clk 0:08:28]} 29. d5 {[%clk 0:02:56]} Rf8 {[%clk 0:06:49]} 30. Bb5
{[%clk 0:02:52]} h5 {[%clk 0:06:40]} 31. Bc4 {[%clk 0:01:20]} h4 {[%clk 0:04:30]}
32. Qe2 {[%clk 0:01:25]} b5 {[%clk 0:03:03]} 33. Bxb5 {[%clk 0:01:03]} Kg8
{[%clk 0:01:17]} 34. Bc4 {[%clk 0:00:57]} Bg4 {[%clk 0:00:29]} 35. d6+
{[%clk 0:00:41]} Kg7 {[%clk 0:00:12]} 36. Qe7+ {[%clk 0:00:41]} Kh6
{[%clk 0:00:22]} 37. Qxf6+ {[%clk 0:00:36]} Rxf6 {[%clk 0:00:31]} 38. Re4 Bf5
{[%clk 0:00:11]} 39. Rd4 {[%clk 0:00:41]} hxg3 {[%clk 0:00:20]} 40. hxg3 Bd7
{[%clk 0:00:29]} 41. a4 {[%clk 0:00:29]} Kh5 {[%clk 0:00:26]} 42. Bb5
{[%clk 0:00:24]} Bxb5 {[%clk 0:00:17]} 43. axb5 {[%clk 0:00:33]} Rf8
{[%clk 0:00:26]} 44. d7 {[%clk 0:00:41]} Rd8 {[%clk 0:00:35]} 45. Kf2
{[%clk 0:00:47]} Kg6 {[%clk 0:00:43]} 46. Kf3 {[%clk 0:00:55]} Kf5
{[%clk 0:00:48]} 47. Rd1 {[%clk 0:00:49]} Ke6 {[%clk 0:00:56]} 48. Kg4
{[%clk 0:00:57]} Ke7 {[%clk 0:01:02]} 49. Kxg5 {[%clk 0:01:04]} Rg8+
{[%clk 0:01:12]} 50. Kf4 {[%clk 0:01:12]} Kd8 {[%clk 0:01:21]} 51. g4
{[%clk 0:01:18]} Rf8+ {[%clk 0:01:30]} 52. Kg3 {[%clk 0:01:16]} Rg8
{[%clk 0:01:37]} 53. Rd5 {[%clk 0:01:26]} Rh8 {[%clk 0:01:43]} 54. g5
{[%clk 0:01:34]} Rh1 {[%clk 0:01:51]} 55. Kg4 {[%clk 0:01:41]} Rg1+
{[%clk 0:01:56]} 56. Kh5 {[%clk 0:01:50]} Rh1+ {[%clk 0:02:04]} 57. Kg6
{[%clk 0:01:59]} Rh3 {[%clk 0:02:13]} 58. Kg7 {[%clk 0:02:07]} Rxb3
{[%clk 0:02:21]} 59. g6 {[%clk 0:02:16]} Rg3 {[%clk 0:02:21]} 60. Kh7
{[%clk 0:02:24]} Rh3+ {[%clk 0:02:28]} 61. Kg8 {[%clk 0:02:33]} Rg3
{[%clk 0:02:33]} 62. g7 {[%clk 0:02:42]} Rg1 {[%clk 0:02:42]} 63. Kh7
{[%clk 0:02:51]} 1-0

[Event "Russian Championship (Rapid, Women)"]
[Site "Sochi"]
[Date "2018.10.06"]
[Round "11.1"]
[White "Dordzhieva, Dinara"]
[Black "Ambartsumova, Karina"]
[Result "1-0"]
[BlackElo "2327"]
[WhiteElo "2248"]
[LiveChessVersion "1.4.8"]

1. Nf3 {[%clk 0:15:19]} d5 {[%clk 0:14:55]} 2. g3 {[%clk 0:15:27]} Nf6
{[%clk 0:14:54]} 3. Bg2 {[%clk 0:15:34]} c6 {[%clk 0:14:28]} 4. c4
{[%clk 0:15:41]} e6 {[%clk 0:12:59]} 5. O-O {[%clk 0:15:48]} Be7 {[%clk 0:12:58]}
6. b3 {[%clk 0:15:52]} O-O {[%clk 0:12:59]} 7. Bb2 {[%clk 0:15:59]} a5
{[%clk 0:12:35]} 8. e3 {[%clk 0:15:45]} Nbd7 {[%clk 0:12:24]} 9. Nc3
{[%clk 0:15:33]} Nc5 {[%clk 0:11:01]} 10. Rb1 {[%clk 0:13:26]} Nd3
{[%clk 0:09:58]} 11. Ba1 {[%clk 0:13:35]} e5 {[%clk 0:09:42]} 12. cxd5
{[%clk 0:12:53]} cxd5 {[%clk 0:09:50]} 13. Nb5 {[%clk 0:13:02]} Bd7
{[%clk 0:07:09]} 14. a4 {[%clk 0:13:06]} e4 {[%clk 0:07:05]} 15. Ne5
{[%clk 0:12:47]} Bxb5 {[%clk 0:06:57]} 16. axb5 {[%clk 0:12:54]} Qb6
{[%clk 0:06:59]} 17. Nxd3 {[%clk 0:11:32]} exd3 {[%clk 0:07:08]} 18. Bxf6
{[%clk 0:11:19]} Bxf6 {[%clk 0:07:13]} 19. Bxd5 {[%clk 0:11:27]} Qxb5
{[%clk 0:07:21]} 20. Qf3 {[%clk 0:11:18]} Ra7 {[%clk 0:06:16]} 21. Rbc1
{[%clk 0:10:13]} b6 {[%clk 0:05:43]} 22. Qf5 {[%clk 0:09:36]} Qd7
{[%clk 0:04:27]} 23. Qxd3 {[%clk 0:09:39]} Rc7 {[%clk 0:04:35]} 24. Rxc7
{[%clk 0:08:43]} Qxc7 {[%clk 0:04:44]} 25. Bc4 {[%clk 0:08:52]} Rd8
{[%clk 0:02:49]} 26. Qe2 {[%clk 0:08:59]} Qd6 {[%clk 0:02:54]} 27. d4
{[%clk 0:08:57]} Qb4 {[%clk 0:02:58]} 28. Rc1 {[%clk 0:08:30]} Rb8
{[%clk 0:01:38]} 29. Qf3 {[%clk 0:07:46]} b5 {[%clk 0:01:31]} 30. Bd5
{[%clk 0:07:52]} Qd6 {[%clk 0:00:58]} 31. Rc6 {[%clk 0:06:46]} Qd7
{[%clk 0:01:01]} 32. Ra6 {[%clk 0:06:26]} Qc7 {[%clk 0:00:46]} 33. Kg2
{[%clk 0:06:27]} h6 {[%clk 0:00:51]} 34. Be4 {[%clk 0:05:54]} Bd8
{[%clk 0:00:46]} 35. Qf5 {[%clk 0:04:40]} g6 {[%clk 0:00:50]} 36. Qd5
{[%clk 0:04:49]} Kg7 {[%clk 0:00:41]} 37. Rd6 {[%clk 0:04:59]} Qe7
{[%clk 0:00:33]} 38. Bxg6 {[%clk 0:04:13]} Rb6 {[%clk 0:00:14]} 39. Rd7
{[%clk 0:04:12]} Qe6 {[%clk 0:00:18]} 40. Bxf7 {[%clk 0:03:28]} Qf6
{[%clk 0:00:11]} 41. Bh5+ {[%clk 0:03:35]} Be7 {[%clk 0:00:18]} 42. Qc5
{[%clk 0:02:54]} Rd6 {[%clk 0:00:16]} 43. Rxd6 {[%clk 0:02:46]} Qxd6
{[%clk 0:00:22]} 44. Qxb5 {[%clk 0:02:53]} Bd8 {[%clk 0:00:17]} 45. Bf3
{[%clk 0:02:59]} Bc7 {[%clk 0:00:20]} 46. Qd5 {[%clk 0:03:04]} Qe7
{[%clk 0:00:18]} 47. Qb7 {[%clk 0:03:07]} Kf6 {[%clk 0:00:17]} 48. e4
{[%clk 0:03:02]} Qd8 {[%clk 0:00:13]} 49. e5+ {[%clk 0:03:09]} Kg6
{[%clk 0:00:11]} 50. Qe4+ {[%clk 0:03:12]} Kg7 {[%clk 0:00:20]} 51. d5
{[%clk 0:03:20]} Bb6 {[%clk 0:00:14]} 52. d6 {[%clk 0:03:24]} Qd7
{[%clk 0:00:13]} 53. Qb7 {[%clk 0:03:22]} Qxb7 {[%clk 0:00:19]} 54. Bxb7
{[%clk 0:03:31]} Kf7 {[%clk 0:00:21]} 55. Bd5+ {[%clk 0:03:39]} Ke8
{[%clk 0:00:28]} 56. f4 {[%clk 0:03:48]} Kd7 {[%clk 0:00:34]} 57. Kf3
{[%clk 0:03:56]} Bd4 {[%clk 0:00:38]} 58. h4 {[%clk 0:04:03]} 1-0

[Event "Russian Championship (Rapid, Women)"]
[Site "Sochi"]
[Date "2018.10.06"]
[Round "11.2"]
[White "Guseva, Marina"]
[Black "Shuvalova, Polina"]
[Result "0-1"]
[BlackElo "2342"]
[WhiteElo "2320"]
[LiveChessVersion "1.4.8"]

1. d4 {[%clk 0:15:19]} Nf6 {[%clk 0:15:19]} 2. c4 {[%clk 0:15:27]} e6
{[%clk 0:15:28]} 3. Nc3 {[%clk 0:15:36]} d5 {[%clk 0:15:37]} 4. cxd5
{[%clk 0:15:40]} Nxd5 {[%clk 0:15:45]} 5. e4 {[%clk 0:15:48]} Nxc3
{[%clk 0:15:53]} 6. bxc3 {[%clk 0:15:57]} c5 {[%clk 0:16:02]} 7. Nf3
{[%clk 0:16:04]} cxd4 {[%clk 0:16:10]} 8. cxd4 {[%clk 0:16:12]} Bb4+
{[%clk 0:16:19]} 9. Bd2 {[%clk 0:16:21]} Bxd2+ {[%clk 0:16:28]} 10. Qxd2
{[%clk 0:16:30]} O-O {[%clk 0:16:35]} 11. Bd3 {[%clk 0:15:53]} b6
{[%clk 0:15:39]} 12. O-O {[%clk 0:15:59]} Bb7 {[%clk 0:15:48]} 13. Rfe1
{[%clk 0:15:07]} Nc6 {[%clk 0:15:51]} 14. Bf1 {[%clk 0:12:53]} Rc8
{[%clk 0:15:25]} 15. Rad1 {[%clk 0:12:55]} Qd6 {[%clk 0:15:02]} 16. Rc1
{[%clk 0:09:53]} h6 {[%clk 0:14:58]} 17. Red1 {[%clk 0:09:49]} Rfd8
{[%clk 0:14:46]} 18. Qe3 {[%clk 0:09:11]} Nb4 {[%clk 0:12:14]} 19. Bc4
{[%clk 0:09:16]} a6 {[%clk 0:11:51]} 20. a3 {[%clk 0:08:51]} Nc6 {[%clk 0:11:47]}
21. h3 {[%clk 0:08:44]} b5 {[%clk 0:11:43]} 22. Ba2 {[%clk 0:08:23]} Na5
{[%clk 0:11:38]} 23. Rxc8 {[%clk 0:08:16]} Rxc8 {[%clk 0:11:43]} 24. Ne5
{[%clk 0:08:21]} Nc4 {[%clk 0:08:22]} 25. Nxc4 {[%clk 0:07:03]} bxc4
{[%clk 0:08:30]} 26. Rc1 {[%clk 0:07:06]} c3 {[%clk 0:08:11]} 27. Rxc3
{[%clk 0:06:32]} Rxc3 {[%clk 0:08:19]} 28. Qxc3 {[%clk 0:06:41]} Bxe4
{[%clk 0:08:27]} 29. Qc8+ {[%clk 0:06:20]} Kh7 {[%clk 0:08:34]} 30. Qxa6
{[%clk 0:06:27]} 0-1

[Event "Russian Championship (Rapid, Women)"]
[Site "Sochi"]
[Date "2018.10.06"]
[Round "11.3"]
[White "Kashlinskaya, Alina"]
[Black "Voit, Daria"]
[Result "0-1"]
[BlackElo "2355"]
[WhiteElo "2353"]
[LiveChessVersion "1.4.8"]

1. d4 {[%clk 0:15:18]} Nf6 {[%clk 0:15:19]} 2. c4 {[%clk 0:15:27]} e6
{[%clk 0:15:27]} 3. Nc3 {[%clk 0:15:36]} Bb4 {[%clk 0:15:36]} 4. e3
{[%clk 0:15:44]} d5 {[%clk 0:15:00]} 5. Nf3 {[%clk 0:14:47]} O-O {[%clk 0:15:00]}
6. Bd3 {[%clk 0:14:56]} c5 {[%clk 0:14:41]} 7. O-O {[%clk 0:15:02]} dxc4
{[%clk 0:14:37]} 8. Bxc4 {[%clk 0:15:11]} Nbd7 {[%clk 0:14:43]} 9. a3
{[%clk 0:15:12]} cxd4 {[%clk 0:14:50]} 10. exd4 {[%clk 0:12:56]} Bxc3
{[%clk 0:14:26]} 11. bxc3 {[%clk 0:13:05]} b6 {[%clk 0:14:35]} 12. Qe2
{[%clk 0:13:01]} Bb7 {[%clk 0:14:38]} 13. Bd3 {[%clk 0:13:01]} Rc8
{[%clk 0:14:40]} 14. c4 {[%clk 0:12:38]} Qc7 {[%clk 0:14:21]} 15. Ne5
{[%clk 0:10:21]} Nxe5 {[%clk 0:13:51]} 16. dxe5 {[%clk 0:10:30]} Nd7
{[%clk 0:13:59]} 17. Bb2 {[%clk 0:10:32]} Nc5 {[%clk 0:14:00]} 18. Bc2
{[%clk 0:10:11]} Qc6 {[%clk 0:13:29]} 19. f4 {[%clk 0:10:03]} Na4
{[%clk 0:13:31]} 20. Bxa4 {[%clk 0:07:14]} Qxa4 {[%clk 0:13:38]} 21. Rac1
{[%clk 0:07:20]} Ba6 {[%clk 0:11:24]} 22. f5 {[%clk 0:07:29]} Rxc4
{[%clk 0:10:13]} 23. Rxc4 {[%clk 0:07:30]} Qxc4 {[%clk 0:07:28]} 24. Qxc4
{[%clk 0:07:35]} Bxc4 {[%clk 0:07:37]} 25. Rc1 {[%clk 0:07:22]} b5
{[%clk 0:07:44]} 26. f6 {[%clk 0:06:20]} Rd8 {[%clk 0:07:46]} 27. a4
{[%clk 0:06:19]} a6 {[%clk 0:07:51]} 28. axb5 {[%clk 0:06:28]} axb5
{[%clk 0:07:58]} 29. Bc3 {[%clk 0:06:16]} Rd3 {[%clk 0:07:22]} 30. Kf2
{[%clk 0:06:23]} h5 {[%clk 0:07:22]} 31. h4 {[%clk 0:06:25]} Kh7 {[%clk 0:07:31]}
32. fxg7 {[%clk 0:05:07]} Kxg7 {[%clk 0:07:39]} 33. Bb4 {[%clk 0:05:11]} Kg6
{[%clk 0:07:34]} 34. Rc3 {[%clk 0:05:06]} Rd2+ {[%clk 0:07:04]} 35. Kg1
{[%clk 0:05:07]} Rd1+ {[%clk 0:06:35]} 36. Kh2 {[%clk 0:05:16]} Bd3
{[%clk 0:06:37]} 37. Rc8 {[%clk 0:04:09]} Rb1 {[%clk 0:05:18]} 38. Bd6
{[%clk 0:03:28]} b4 {[%clk 0:03:33]} 39. Rg8+ {[%clk 0:03:36]} Kh7
{[%clk 0:03:41]} 40. Rf8 {[%clk 0:01:53]} Kg7 {[%clk 0:03:45]} 41. Rb8
{[%clk 0:02:02]} b3 {[%clk 0:03:54]} 42. Be7 {[%clk 0:01:52]} Kg6
{[%clk 0:03:28]} 43. Kg3 {[%clk 0:01:06]} Bc2 {[%clk 0:01:38]} 44. Ba3
{[%clk 0:00:17]} Ra1 45. Bb2 Ra2 {[%clk 0:01:27]} 46. Bc3 {[%clk 0:00:30]} Kf5
{[%clk 0:01:35]} 47. Rb7 {[%clk 0:00:39]} Ke4 {[%clk 0:01:34]} 48. Rxf7
{[%clk 0:00:24]} b2 {[%clk 0:01:37]} 49. Rf4+ {[%clk 0:00:32]} Kd5
{[%clk 0:01:26]} 50. Rd4+ {[%clk 0:00:25]} Kc5 {[%clk 0:01:32]} 51. Bxb2
{[%clk 0:00:33]} Rxb2 {[%clk 0:01:40]} 52. Rd2 {[%clk 0:00:41]} Rb3+
{[%clk 0:01:49]} 53. Kf4 {[%clk 0:00:50]} Bf5 {[%clk 0:01:57]} 54. Kg5
{[%clk 0:00:48]} Bg4 {[%clk 0:02:01]} 55. Kf6 {[%clk 0:00:46]} Rb4
{[%clk 0:02:00]} 56. Rd8 {[%clk 0:00:21]} Rf4+ {[%clk 0:02:04]} 57. Ke7
{[%clk 0:00:28]} Rd4 {[%clk 0:02:07]} 58. Ra8 {[%clk 0:00:19]} Kd5
{[%clk 0:02:13]} 59. Ra5+ {[%clk 0:00:27]} Ke4 {[%clk 0:02:21]} 60. Kf6
{[%clk 0:00:35]} Ke3 {[%clk 0:02:13]} 61. Ra3+ {[%clk 0:00:38]} Kf2
{[%clk 0:02:21]} 62. Ra2+ {[%clk 0:00:47]} Kg3 {[%clk 0:02:29]} 0-1

[Event "Russian Championship (Rapid, Women)"]
[Site "Sochi"]
[Date "2018.10.06"]
[Round "11.4"]
[White "Drozdova, Dina"]
[Black "Maltsevskaya, Aleksandra"]
[Result "1/2-1/2"]
[BlackElo "2194"]
[WhiteElo "2206"]
[LiveChessVersion "1.4.8"]

1. d4 {[%clk 0:15:18]} Nf6 {[%clk 0:15:18]} 2. c4 {[%clk 0:15:23]} g6
{[%clk 0:15:27]} 3. Nc3 {[%clk 0:15:27]} Bg7 {[%clk 0:15:35]} 4. e4
{[%clk 0:15:16]} d6 {[%clk 0:15:44]} 5. f3 {[%clk 0:15:20]} O-O {[%clk 0:15:50]}
6. Be3 {[%clk 0:15:28]} Nc6 {[%clk 0:15:58]} 7. Nge2 {[%clk 0:15:30]} a6
{[%clk 0:16:06]} 8. Qd2 {[%clk 0:15:28]} Na5 {[%clk 0:16:15]} 9. Ng3
{[%clk 0:15:19]} h5 {[%clk 0:16:24]} 10. Bd3 {[%clk 0:15:19]} b5 {[%clk 0:16:27]}
11. c5 {[%clk 0:14:44]} dxc5 {[%clk 0:14:11]} 12. dxc5 {[%clk 0:14:52]} b4
{[%clk 0:12:38]} 13. Nd1 {[%clk 0:14:41]} Nc6 {[%clk 0:12:36]} 14. Nf2
{[%clk 0:14:27]} Ne5 {[%clk 0:11:06]} 15. h3 {[%clk 0:13:01]} a5 {[%clk 0:10:17]}
16. Rd1 {[%clk 0:12:04]} h4 {[%clk 0:07:45]} 17. Ne2 {[%clk 0:12:04]} Nh5
{[%clk 0:07:54]} 18. O-O {[%clk 0:06:39]} Ng3 {[%clk 0:06:52]} 19. Rfe1
{[%clk 0:06:45]} Nxd3 {[%clk 0:06:25]} 20. Nxd3 {[%clk 0:06:43]} Nxe2+
{[%clk 0:06:23]} 21. Qxe2 {[%clk 0:06:42]} Ba6 {[%clk 0:06:29]} 22. Qc2
{[%clk 0:06:32]} Qc8 {[%clk 0:05:55]} 23. Bg5 {[%clk 0:04:55]} Qe6
{[%clk 0:05:44]} 24. Bxh4 {[%clk 0:04:36]} Qxa2 {[%clk 0:05:13]} 25. e5
{[%clk 0:04:23]} Bxd3 {[%clk 0:04:17]} 26. Rxd3 {[%clk 0:03:28]} Qe6
{[%clk 0:04:12]} 27. f4 {[%clk 0:03:22]} a4 {[%clk 0:03:27]} 28. Ra1
{[%clk 0:03:25]} Qc6 {[%clk 0:02:28]} 29. Bxe7 {[%clk 0:02:55]} Rfe8
{[%clk 0:02:36]} 30. Bh4 {[%clk 0:02:04]} Qe4 {[%clk 0:01:42]} 31. Qd2
{[%clk 0:01:49]} Bxe5 {[%clk 0:01:45]} 32. fxe5 {[%clk 0:01:09]} Qxh4
{[%clk 0:01:54]} 33. Rd4 {[%clk 0:01:15]} Qg3 {[%clk 0:00:47]} 34. Rxb4
{[%clk 0:01:03]} 1/2-1/2

[Event "Russian Championship (Rapid, Women)"]
[Site "Sochi"]
[Date "2018.10.06"]
[Round "11.5"]
[White "Chernyak, Viktoria"]
[Black "Bivol, Alina"]
[Result "0-1"]
[BlackElo "2322"]
[WhiteElo "2197"]
[LiveChessVersion "1.4.8"]

1. d4 {[%clk 0:15:19]} Nf6 {[%clk 0:15:08]} 2. c4 {[%clk 0:15:28]} g6
{[%clk 0:15:17]} 3. Nc3 {[%clk 0:15:33]} Bg7 {[%clk 0:15:26]} 4. e4
{[%clk 0:15:42]} d6 {[%clk 0:15:35]} 5. Nf3 {[%clk 0:15:50]} O-O {[%clk 0:15:43]}
6. Be2 {[%clk 0:15:59]} Bg4 {[%clk 0:15:52]} 7. Be3 {[%clk 0:14:15]} Nfd7
{[%clk 0:16:01]} 8. Nd2 {[%clk 0:13:23]} Bxe2 {[%clk 0:16:04]} 9. Qxe2
{[%clk 0:13:31]} Nc6 {[%clk 0:16:11]} 10. Nf3 {[%clk 0:13:35]} e5
{[%clk 0:16:03]} 11. Rd1 {[%clk 0:13:35]} exd4 {[%clk 0:15:26]} 12. Nxd4
{[%clk 0:13:39]} Re8 {[%clk 0:15:34]} 13. O-O {[%clk 0:13:03]} Nf6
{[%clk 0:14:49]} 14. f3 {[%clk 0:10:19]} Ne5 {[%clk 0:14:33]} 15. b3
{[%clk 0:09:09]} a6 {[%clk 0:14:35]} 16. Qd2 {[%clk 0:09:08]} Qd7
{[%clk 0:14:25]} 17. Bg5 {[%clk 0:08:39]} Nc6 {[%clk 0:14:10]} 18. Nxc6
{[%clk 0:08:31]} Qxc6 {[%clk 0:13:44]} 19. Nd5 {[%clk 0:07:34]} Nxd5
{[%clk 0:13:49]} 20. Qxd5 {[%clk 0:06:52]} Qb6+ {[%clk 0:13:27]} 21. Kh1
{[%clk 0:06:58]} a5 {[%clk 0:13:34]} 22. Rb1 {[%clk 0:06:02]} Qa6
{[%clk 0:12:19]} 23. Qd3 {[%clk 0:05:49]} h6 {[%clk 0:11:24]} 24. Bf4
{[%clk 0:05:49]} Rad8 {[%clk 0:11:05]} 25. Rfd1 {[%clk 0:05:45]} Kh7
{[%clk 0:10:55]} 26. Qc2 {[%clk 0:05:43]} Be5 {[%clk 0:10:14]} 27. Bxe5
{[%clk 0:04:45]} Rxe5 {[%clk 0:10:23]} 28. Rd5 {[%clk 0:04:40]} Rde8
{[%clk 0:10:32]} 29. Rbd1 {[%clk 0:04:31]} Qb6 {[%clk 0:09:53]} 30. h3
{[%clk 0:04:35]} Qb4 {[%clk 0:09:01]} 31. Kh2 {[%clk 0:04:09]} R8e7
{[%clk 0:08:01]} 32. R1d2 {[%clk 0:03:11]} Qb6 {[%clk 0:07:59]} 33. Rxe5
{[%clk 0:03:12]} Rxe5 {[%clk 0:08:05]} 34. Rd5 {[%clk 0:03:20]} Qe3
{[%clk 0:07:32]} 35. Qd1 {[%clk 0:02:45]} Qf4+ {[%clk 0:07:16]} 36. Kg1
{[%clk 0:02:53]} Kg7 {[%clk 0:05:32]} 37. Rxe5 {[%clk 0:02:52]} Qxe5
{[%clk 0:05:33]} 38. Qd2 {[%clk 0:02:56]} a4 {[%clk 0:05:30]} 39. Qc2
{[%clk 0:02:34]} a3 {[%clk 0:05:19]} 40. Kf2 {[%clk 0:01:57]} Qb2
{[%clk 0:05:19]} 41. Qe2 {[%clk 0:02:05]} Kf6 {[%clk 0:05:18]} 42. Ke3
{[%clk 0:01:53]} Ke5 {[%clk 0:03:55]} 43. f4+ {[%clk 0:01:58]} Ke6
{[%clk 0:03:58]} 44. Kd3 {[%clk 0:01:37]} Qb1+ {[%clk 0:03:59]} 45. Ke3
{[%clk 0:00:41]} Ke7 {[%clk 0:03:51]} 46. Qd2 {[%clk 0:00:33]} Qa1
{[%clk 0:02:57]} 47. Ke2 {[%clk 0:00:24]} Qg1 {[%clk 0:02:13]} 48. Kf3
{[%clk 0:00:21]} Qf1+ {[%clk 0:02:02]} 49. Ke3 {[%clk 0:00:27]} Qa1
{[%clk 0:01:17]} 50. Ke2 {[%clk 0:00:27]} c5 {[%clk 0:01:03]} 51. Kf3
{[%clk 0:00:28]} Qb1 {[%clk 0:00:45]} 52. Ke3 {[%clk 0:00:28]} Qb2
{[%clk 0:00:49]} 53. Ke2 {[%clk 0:00:30]} b6 {[%clk 0:00:44]} 54. Ke3
{[%clk 0:00:35]} f6 {[%clk 0:00:53]} 55. Ke2 {[%clk 0:00:40]} g5 {[%clk 0:00:58]}
56. f5 {[%clk 0:00:33]} h5 {[%clk 0:01:06]} 57. g4 {[%clk 0:00:27]} Qb1
{[%clk 0:00:50]} 58. Kf3 {[%clk 0:00:17]} Qf1+ {[%clk 0:00:53]} 59. Kg3
{[%clk 0:00:25]} h4+ {[%clk 0:00:59]} 60. Kh2 {[%clk 0:00:35]} Qf3
{[%clk 0:01:01]} 61. Qe1 {[%clk 0:00:41]} Qd3 {[%clk 0:01:00]} 62. Kg2
{[%clk 0:00:22]} Qc2+ {[%clk 0:01:04]} 63. Qf2 {[%clk 0:00:24]} Qxe4+
{[%clk 0:01:12]} 64. Kf1 {[%clk 0:00:25]} Qb1+ {[%clk 0:01:18]} 65. Kg2
{[%clk 0:00:34]} Qb2 {[%clk 0:01:27]} 66. Kf3 {[%clk 0:00:42]} Qxf2+
{[%clk 0:00:49]} 67. Kxf2 {[%clk 0:00:51]} d5 {[%clk 0:00:58]} 68. Ke3
{[%clk 0:00:52]} Kd6 {[%clk 0:01:06]} 69. cxd5 {[%clk 0:00:57]} Kxd5
{[%clk 0:01:16]} 70. Kd3 {[%clk 0:01:06]} b5 {[%clk 0:01:25]} 0-1